000 00307nam a2200121Ia 4500
008 240731s9999 xx 000 0 und d
022 _a1473-7760
245 0 _aBiotechnic & Histochemistry
260 _bTaylor & Francis
856 _uhttps://www.tandfonline.com/loi/ibih20
942 _2ddc
942 _cTFEJ
999 _c75637
_d75637
945 _a1
_bMadushi Gamage
_c1
_dMadushi Gamage